LEADER 01396nam a2200277 4500 001 000000363776 003 CaOOAMICUS 005 20250729154024.0 008 250729s2020 it a 000 u ita r 020 $a978-88-6643-721-5 040 $aSeMil$bita 100 1 $aRaffaelli, Enzo.$0(OLS)http://semarc/name/122521 245 13$aLa Campagna di Grecia /$cEnzo Raffaelli, Stefano Gambarotto. 264 1$aTreviso :$bEditoriale Programma,$c2020. 300 $a159 p. :$bill. ;$c21 cm 500 $aRivisitazione abbreviata del vol.:"Campagna di Grecia: alpini e fanti. La tragica avventura ellenica, le conseguenze dell'8 settembre 1943, Creta, Cefalonia, Corfù, Lero, Treviso : Editrice Storica, 2010. 650 4$aGuerra mondiale <1939-1945> - Campagna italiana di Grecia <1940-1941>.$0(OLS)http://semarc/subject/58377 650 4$aGuerra mondiale <1939-1945> - Storia militare.$0(OLS)http://semarc/subject/56043 700 1 $aGambarotto, Stefano.$0(OLS)http://semarc/name/122522 850 $aSeMil 852 $aSeMil$W1$xVenegono$y1$m3V II 443$j260410$B254629$CSeMilBibl$Z2$F254629 $81 961 $aPerego don Stefano - Omaggio 996 $6020$a978-88-6643-721-5$9(OLS)http://semarc/number/303787 996 $6245$aLa Campagna di Grecia$9(OLS)http://semarc/title/455088 996 $6264$aTreviso :$bEditoriale Programma$9(OLS)http://semarc/publisher/62138 LEADER 01272nam a2200301 i 4500 001 000000038088 003 CaOOAMICUS 005 20090713000000.0 008 090713s2006 it u000 u ita u 013 $a8493 020 $a88-215-5682-4 040 $aSeMil$bita 100 1 $aGibran, Kahlil <1883-1931>.$0(OLS)http://semarc/name/18254 240 14$aThe Prophet.$0(OLS)http://semarc/title/53628 245 13$aIl profeta /$cKahlil Gibran ; nuova edizione curata e tradotta da Francesco Medici. 260 $aCinisello Balsamo :$bSan Paolo,$ccopyr. 2006. 300 $a142 p. ;$c20 cm. 490 0 $aQuaderni della fenice ;$v25 500 $aContiene : Bibliografia. - Testo inglese a fronte. 600 14$aGibran, Kahlil Gibran <1883-1931>.$0(OLS)http://semarc/subject/7696 700 1 $aMedici, Francesco.$0(OLS)http://semarc/name/18255 830 0$aQuaderni della fenice ;$v25.$0(OLS)http://semarc/title/19650 850 $aSeMil 852 $aSeMil$W1$xVenegono$y1$m1O I 182$j4243$B4243$CSeMilBibl$Z2$F4243 $81 961 $aOmaggio: Donazione 996 $6020$a88-215-5682-4$9(OLS)http://semarc/number/7269 996 $6245$aIl profeta$9(OLS)http://semarc/title/53627 996 $6260$aCinisello Balsamo :$bSan Paolo$9(OLS)http://semarc/publisher/30129